Tratado general de filosofía del derecho

Zapisane w:
Opis bibliograficzny
1. autor: Recasens Siches, Luis (Autor)
Format: Książka
Język:hiszpański
Wydane: Ciudad de México Porrua 1986
Wydanie:9a. ed
Hasła przedmiotowe:
Etykiety: Dodaj etykietę
Nie ma etykietki, Dołącz pierwszą etykiete!

MARC

LEADER 00000nam a2200000 a 4500
001 UCV2468
003 CL-VaPUC
008 920730e19860000MX |||||||||||||||||spa|d
082 0 4 |a 340.1  |b REC  |2 21 
100 0 |a Recasens Siches, Luis  |e author  |9 296717 
245 1 0 |a Tratado general de filosofía del derecho 
250 |a 9a. ed 
300 |a 717 p 
942 |c BK 
945 |d 19920730 00:00:00 
260 |a Ciudad de México  |b Porrua  |c 1986 
650 0 |a Filosofía del derecho   |9 255050 
583 |a last modification  |c 19920730 00:00:00  |k Rodrigo Vera 
999 |c 210030  |d 210028 
952 |0 0  |1 0  |4 0  |6 340_100000000000000_REC_1986  |7 0  |8 DER_TF  |9 185977  |a BIBDER  |b BIBDER  |d 2019-11-14  |i 2534762  |o 340.1 REC 1986  |p 2534762  |r 2023-01-25  |w 2019-11-14  |x Ubicación 4to Piso  |y BK  |z Estos recursos deben solicitarse con anticipación  |k DER